Cities of Dubuque County, Iowa - Statistics

General Stats
  • This quiz has been taken 4 times
  • The average score is 5 of 20
Answer Stats
Cities % Correct
1 Dubuque
100%
2 Asbury
33%
4 Cascade
33%
20 Durango
33%
3 Dyersville
33%
5 Epworth
33%
7 Farley
33%
11 Luxemburg
33%
8 New Vienna
33%
6 Peosta
33%
16 Sageville
33%
9 Worthington
33%
18 Balltown
0%
19 Bankston
0%
15 Bernard
0%
14 Centralia
0%
10 Holy Cross
0%
12 Rickardsville
0%
13 Sherrill
0%
17 Zwingle
0%
No matching quizzes found
Score Distribution
Percent of People with Each Score
Percentile by Number Answered
Your Score History
You have not taken this quiz